Die laténezeitlichen Siedlungen in Mähren /

Hlavní autor: Meduna, Jiří, 1932-2007
Jazyk: Němčina
Vydáno: Praha : Academia, 1980
Vydání: 1. vyd.
Fyzický popis: 356 s.
Knihy
Uloženo v:
LEADER 00931nam a22002652a 4500
001 000255284
003 CZ BrMZK
005 19961101143423.0
007 ta
008 950101s1980 xr f ger d
015 |a cnb000128937 
035 |a (OCoLC)7963301 
040 |a BOA001  |b cze 
080 |a 903"638"(437.2)  |2 MRF 
080 |a 903(437.2)"-04/-00  |2 MRF 
100 1 |a Meduna, Jiří,  |d 1932-2007  |7 jk01081051 
245 1 4 |a Die laténezeitlichen Siedlungen in Mähren /  |c Jiří Meduna 
250 |a 1. vyd. 
260 |a Praha :  |b Academia,  |c 1980 
300 |a 356 s. 
910 |a BOA001  |b 4-0830.815 
990 |a BK 
996 7 |b 2619839229  |c 4-0830.815  |l MZK  |r Sklad / do 1 hodiny  |n 5  |w 000255284  |u 000030  |a 1  |e BOA001  |j MZK50  |s A 
996 6 |b 2619882034  |c 4-0830.815  |l MZK  |r Sklad / do 1 hodiny  |n 22  |w 000255284  |u 000020  |a 1  |e BOA001  |j MZK50  |s P 
996 7 |b 2619902998  |c 4-0830.815  |l MZK  |r Sklad / do 1 hodiny  |n 41  |w 000255284  |u 000010  |a 1  |e BOA001  |j MZK50  |s A